000 00499nam a2200157 i 4500
001 150676
003 ES-MaACL
005 20230906203631.0
007 t|
008 071105s1864 fr ||||1| fre d
100 1 _aDesjardins, Ernest.
_943885
245 1 0 _aPublication des oeuvres complètes de Bartholomeo Borghesi... Troisième rapport du secrétaire de la commission /
_cErnest Desjardins.
260 _aParis :
_bDidier,
_c[1864]
300 _a102 p. ;
_c27 cm.
852 _aES-MaACL
_jG-6259
999 _c150676
_d150676